Erase una vez la URSS: la fantástica aventura de dos jóvenes parejas occidentales por las carreteras prohibidas de la Unión Soviética
محفوظ في:
| المؤلف الرئيسي: | |
|---|---|
| التنسيق: | كتاب |
| اللغة: | الإسبانية |
| منشور في: |
Barcelona
Planeta
2006
|
| الطبعة: | 1a. ed |
| الموضوعات: | |
| الوسوم: |
إضافة وسم
لا توجد وسوم, كن أول من يضع وسما على هذه التسجيلة!
|
MARC
| LEADER | 00000nam a2200000 a 4500 | ||
|---|---|---|---|
| 001 | UCJ0017 | ||
| 003 | CL-VaPUC | ||
| 008 | 060623e20060000SP |||||||||||||||||spa|d | ||
| 020 | |a 8408062298 | ||
| 082 | 0 | 4 | |a 947 |b LAP |2 21 |
| 100 | |a Lapierre, Dominique |e author |9 588816 | ||
| 245 | 1 | 0 | |a Erase una vez la URSS: la fantástica aventura de dos jóvenes parejas occidentales por las carreteras prohibidas de la Unión Soviética |
| 250 | |a 1a. ed | ||
| 300 | |a 182 p | ||
| 942 | |c BK | ||
| 945 | |d 20060623 00:00:00 |a jtorresc | ||
| 260 | |a Barcelona |b Planeta |c 2006 | ||
| 650 | 0 | |a Historia |9 255047 | |
| 650 | 0 | |a Política y gobierno |9 255151 | |
| 651 | 0 | |a Rusia |9 256106 | |
| 583 | |a last modification |c 20130305 12:35:00 |k Rodrigo Vera | ||
| 999 | |c 317008 |d 317006 | ||
| 952 | |0 0 |1 0 |4 0 |6 947_000000000000000_LAP_2006 |7 0 |8 A |9 392671 |a BIBHIS |b BIBHIS |d 2019-11-22 |i 4243501 |o 947 LAP 2006 |p 4243501 |r 2025-01-20 |w 2019-11-22 |y BK |k HIS | ||